[Event "Schwarzach A"]
[Site "?"]
[Date "1997.08.26"]
[Round "4.3"]
[White "Herndl, Harald"]
[Black "Burmakin, Vladimir"]
[Result "1/2-1/2"]
[WhiteElo "2365"]
[BlackElo "2550"]
[PlyCount "74"]
[EventDate "1996.??.??"]

1. d4 d5 2. c4 e6 3. Nf3 Nf6 4. Nc3 Nbd7 5. e3 Be7 6. Bd3 O-O 7. O-O b6 8. e4
dxe4 9. Nxe4 Bb7 10. Qe2 c5 11. dxc5 Bxe4 12. Bxe4 Nxe4 13. Qxe4 Nxc5 14. Qe2
Qd3 15. Re1 Rfd8 16. Bg5 f6 17. Be3 Qxe2 18. Rxe2 Nd3 19. Nd4 e5 20. Nc6 Rd7
21. Rd2 e4 22. f3 f5 23. fxe4 fxe4 24. Nxe7+ Rxe7 25. Rf1 Rf8 26. b3 Rff7 27.
Rdd1 Kf8 28. Rxf7+ Kxf7 29. Kf1 Ke6 30. Ke2 Rf7 31. Rf1 Rxf1 32. Kxf1 Nb4 33.
a4 Nc6 34. c5 bxc5 35. Bxc5 Kd5 36. Be3 a6 37. Ke2 Nd4+ 1/2-1/2

[Event "Schwarzach A"]
[Site "?"]
[Date "1997.08.26"]
[Round "4.4"]
[White "Balinov, Ilija"]
[Black "Shaked, Tal"]
[Result "1/2-1/2"]
[WhiteElo "2560"]
[BlackElo "2500"]
[PlyCount "45"]
[EventDate "1996.??.??"]

1. e4 e6 2. d4 d5 3. e5 c5 4. c3 Nc6 5. Nf3 Bd7 6. dxc5 Bxc5 7. b4 Bb6 8. b5
Na5 9. Bd3 Qc7 10. O-O Nc4 11. a4 Nxe5 12. Bf4 Nxf3+ 13. Qxf3 Qd8 14. Qg3 Kf8
15. Bd6+ Ne7 16. a5 Bxa5 17. c4 b6 18. cxd5 exd5 19. f4 f6 20. f5 Kf7 21. Ra4
h5 22. Kh1 a6 23. Na3 1/2-1/2

[Event "Schwarzach A"]
[Site "?"]
[Date "1997.08.26"]
[Round "4.5"]
[White "Hresc, Vladimir"]
[Black "Piven, Igor"]
[Result "0-1"]
[WhiteElo "2425"]
[BlackElo "2367"]
[PlyCount "100"]
[EventDate "1996.??.??"]

1. e4 c6 2. d4 g6 3. Nf3 Bg7 4. Nc3 d6 5. h3 Nf6 6. Bd3 O-O 7. Bg5 Nbd7 8. Qd2
e5 9. O-O-O b5 10. dxe5 dxe5 11. g4 Qc7 12. Bh6 Nc5 13. Bxg7 Kxg7 14. Qe3 Ne6
15. Ne2 Rb8 16. c3 c5 17. Ng5 Rd8 18. Bc2 Rxd1+ 19. Rxd1 Nxg5 20. Qxg5 Be6 21.
f4 h6 22. Qxe5 Qxe5 23. fxe5 Nd7 24. Rd6 Nxe5 25. Nf4 Rb6 26. Rd8 Kf6 27. Bb3
c4 28. Bd1 Kg5 29. Ng2 {} 29... Nd3+ 30. Rxd3 cxd3 31. e5 h5 32. h4+ Kh6 33.
g5+ Kg7 34. a3 Rb8 35. Kd2 Bf5 36. Ke3 Rd8 37. Nf4 d2 38. b3 Bg4 39. Ne2 Bxe2
40. Kxe2 Rd5 41. Bc2 Kf8 42. b4 Ke7 43. Kd1 Rd8 44. Be4 Ke6 45. Bc6 Rc8 46.
Bxb5 Rxc3 47. a4 Kxe5 48. Kxd2 Rb3 49. Bc4 Rxb4 50. Bxf7 Kf5 0-1

[Event "Schwarzach A"]
[Site "?"]
[Date "1997.08.26"]
[Round "4.6"]
[White "Martin, Andreas"]
[Black "Podlesnik, Bogdan"]
[Result "1-0"]
[WhiteElo "2215"]
[BlackElo "2425"]
[PlyCount "73"]
[EventDate "1996.??.??"]

1. e4 c5 2. Nf3 Nc6 3. Bb5 e6 4. O-O Nge7 5. Re1 a6 6. Bf1 d5 7. exd5 Qxd5 8.
Nc3 Qd8 9. Ne4 Nf5 10. d3 Be7 11. a3 O-O 12. c3 b6 13. b4 Nd6 14. Nfd2 Nxe4 15.
Nxe4 f5 16. Nd2 Qc7 17. bxc5 bxc5 18. Nf3 Bf6 19. Bd2 Kh8 20. Rb1 e5 21. Qb3
Na5 22. Qb6 Qxb6 23. Rxb6 Re8 24. c4 Nb7 25. Bf4 e4 26. dxe4 Bd8 27. Rb2 Ba5
28. Re3 Rxe4 29. Rxe4 fxe4 30. Ng5 Bc3 31. Rb3 Bd4 32. Nxe4 Bf5 33. Ng3 Na5 34.
Rb6 Bg6 35. Bd2 Be5 36. Bxa5 Bc7 37. Rxg6 1-0

[Event "Schwarzach A"]
[Site "?"]
[Date "1997.08.26"]
[Round "4.7"]
[White "Hecht, Hans Joachim"]
[Black "Schiner, Hartmut"]
[Result "1-0"]
[WhiteElo "2405"]
[BlackElo "2150"]
[PlyCount "75"]
[EventDate "1996.??.??"]

1. d4 d5 2. c4 Nc6 3. Nf3 Bg4 4. cxd5 Bxf3 5. gxf3 Qxd5 6. e3 e5 7. Nc3 Bb4 8.
a3 Bxc3+ 9. bxc3 exd4 10. cxd4 Nge7 11. Rb1 O-O-O 12. Be2 Rhe8 13. Qb3 Qxb3 14.
Rxb3 Nf5 15. Bb2 f6 16. Rg1 a6 17. Kf1 Re7 18. Rc3 Na7 19. Rc5 Nd6 20. a4 Kb8
21. Kg2 b6 22. Rc2 Kb7 23. Rgc1 a5 24. Ba3 Rf7 25. e4 Re7 26. f4 Red7 27. e5
Ne8 28. Bf3+ Kb8 29. d5 g5 30. e6 Rg7 {} 31. Bf8 Rg8 32. e7 Rd7 33. Bg4 gxf4
34. Kf3 Rxg4 35. Kxg4 Rxd5 36. Rxc7 Nxc7 37. Rxc7 Re5 38. Rd7 1-0

[Event "Schwarzach A"]
[Site "?"]
[Date "1997.08.26"]
[Round "4.8"]
[White "Navratil, Robert"]
[Black "Vigh, Bela"]
[Result "1/2-1/2"]
[WhiteElo "2180"]
[BlackElo "2395"]
[PlyCount "100"]
[EventDate "1996.??.??"]

1. d4 g6 2. c4 Bg7 3. Nc3 d6 4. e4 Nf6 5. Nf3 O-O 6. Be2 e5 7. dxe5 dxe5 8.
Qxd8 Rxd8 9. Bg5 Re8 10. Nd5 Nxd5 11. cxd5 c6 12. Bc4 cxd5 13. Bxd5 Na6 14. Ke2
Nc7 15. Bb3 Be6 16. Rhd1 Bxb3 17. axb3 Ne6 18. Be3 f5 19. Rd7 fxe4 20. Nd2 Nd4+
21. Kd1 Red8 22. Rxb7 a5 23. Rc1 Rab8 24. Rcc7 Rxb7 25. Rxb7 h6 26. Bxd4 Rxd4
27. Ke2 Bf8 28. Rb5 Bb4 29. Nc4 Rd3 30. Nxa5 Bxa5 31. Rxa5 Rxb3 32. Rxe5 Rxb2+
33. Ke3 Rb7 34. Kxe4 Kg7 35. Kf4 Rf7+ 36. Kg3 Ra7 37. Re3 Kf7 38. h4 h5 39. Kf4
Kg7 40. g4 Rf7+ 41. Kg3 hxg4 42. Re4 Rf3+ 43. Kg2 Ra3 44. Rxg4 Kh6 45. f3 Ra5
46. Re4 Rb5 47. Kg3 Ra5 48. Kg4 Rb5 49. Re6 Ra5 50. f4 Rb5 1/2-1/2

[Event "Schwarzach A"]
[Site "?"]
[Date "1997.08.26"]
[Round "4.10"]
[White "Neckar, Lubomir"]
[Black "Kievelitz, Bernd"]
[Result "1-0"]
[WhiteElo "2360"]
[BlackElo "2130"]
[PlyCount "83"]
[EventDate "1996.??.??"]

1. Nf3 Nf6 2. c4 b6 3. g3 Bb7 4. Bg2 e6 5. O-O Be7 6. d4 O-O 7. Nc3 Ne4 8. Qc2
Nxc3 9. Qxc3 f5 10. d5 Bf6 11. Qc2 exd5 12. Ne1 g6 13. cxd5 d6 14. Nd3 a5 15.
Nf4 Rf7 16. e4 fxe4 17. Bxe4 Na6 18. Ne6 Qd7 19. Bg2 Nc5 20. Bd2 Re8 21. Bc3
Ba6 22. Rfe1 Nd3 23. Re3 Ne5 24. Rae1 Rfe7 25. h3 Bh8 26. b3 c6 {} 27. f4 Nd3
28. Rxd3 Bxd3 29. Qxd3 c5 30. Bxh8 Kxh8 31. f5 gxf5 32. Qxf5 Rf7 33. Qh5 Rg8
34. Kh2 Qe7 35. Re4 Qf6 36. Rf4 Qc3 37. Ng5 Rfg7 38. h4 Qe3 39. Rf3 Qe5 40.
Nf7+ Rxf7 41. Qxf7 Rxg3 42. Rxg3 1-0

[Event "Schwarzach A"]
[Site "?"]
[Date "1997.08.26"]
[Round "4.11"]
[White "Vesely, Tomas"]
[Black "Hardicsay, Peter"]
[Result "0-1"]
[WhiteElo "2155"]
[BlackElo "2355"]
[PlyCount "48"]
[EventDate "1996.??.??"]

1. e4 c5 2. Nf3 Nc6 3. d4 cxd4 4. Nxd4 Nf6 5. Nc3 e5 6. Ndb5 d6 7. Bg5 a6 8.
Na3 b5 9. Nd5 Be7 10. Bxf6 Bxf6 11. c3 Bg5 12. Nc2 O-O 13. a4 bxa4 14. Rxa4 a5
15. b4 Bb7 16. b5 Nb8 17. Na1 Nd7 18. Nb3 Bxd5 19. exd5 Nb6 20. Ra3 Qc8 21. Qd3
a4 22. Na1 Qc5 23. Nc2 {} 23... Nxd5 24. Be2 Bc1 0-1

[Event "Schwarzach A"]
[Site "?"]
[Date "1997.08.26"]
[Round "4.13"]
[White "Donegani, Hans Peter"]
[Black "Hertel, Peter"]
[Result "1-0"]
[WhiteElo "2120"]
[BlackElo "2300"]
[PlyCount "65"]
[EventDate "1996.??.??"]

1. e4 c5 2. Nf3 d6 3. d4 cxd4 4. Nxd4 Nf6 5. Nc3 a6 6. Be2 e6 7. O-O Qc7 8. f4
Be7 9. Be3 O-O 10. Kh1 b5 11. Bf3 Bb7 12. e5 dxe5 13. fxe5 Nfd7 14. Bf4 Rd8 15.
Bxb7 Qxb7 16. Qg4 Nf8 17. Bh6 Ng6 {} 18. Rxf7 Kxf7 19. Qxe6+ Ke8 20. Nf5 Rd7
21. Nd6+ Rxd6 22. exd6 gxh6 23. Nd5 Ra7 24. Rd1 Nd7 25. dxe7 Qxd5 26. Qxd5 Nxe7
27. Qh5+ Ng6 28. Qxh6 Nde5 29. Qg5 Nf7 30. Qe3+ Re7 31. Qb6 Nfe5 32. Qxa6 Kf8
33. Qxb5 1-0

[Event "Schwarzach A"]
[Site "?"]
[Date "1997.08.26"]
[Round "4.14"]
[White "Joppien, Arne"]
[Black "Mandekic, Ivan"]
[Result "0-1"]
[WhiteElo "2100"]
[BlackElo "2270"]
[PlyCount "96"]
[EventDate "1996.??.??"]

1. d4 Nf6 2. c4 e6 3. Nf3 b6 4. g3 Bb7 5. Bg2 Be7 6. O-O O-O 7. Nbd2 c5 8. dxc5
bxc5 9. b3 d6 10. Bb2 Nbd7 11. Qc2 Qc7 12. e4 Bc6 13. Rfe1 Qb7 14. Rad1 a5 15.
Ng5 h6 16. Nh3 a4 17. Nf4 axb3 18. axb3 Ra2 19. Ra1 Rfa8 20. Rxa2 Rxa2 21. Qb1
Ra6 22. Nd5 Bd8 23. Qc2 Qa8 24. Nc3 Ne8 25. Bh3 Bf6 26. Nf1 Bd4 27. Nd2 Ne5 28.
Nd1 Ra2 29. Bf1 {} 29... Qa3 30. Bxa3 Rxc2 31. Re2 Rxd2 32. Rxd2 Nf3+ 33. Kg2
Nxd2 34. f3 Nxb3 35. Bd3 Bb7 36. Kf1 Ba6 37. Ke2 Na5 38. Ne3 Bxe3 39. Kxe3 Bxc4
40. Bb2 Bxd3 41. Kxd3 d5 42. exd5 exd5 43. Ba3 Nb7 44. h4 f6 45. Ke3 Kf7 46. h5
Ke6 47. g4 Ned6 48. Bc1 Na5 0-1

[Event "Schwarzach A"]
[Site "?"]
[Date "1997.08.26"]
[Round "4.15"]
[White "Lada, Ireneusz"]
[Black "Severgin, Valentin"]
[Result "1-0"]
[WhiteElo "2145"]
[BlackElo "2260"]
[PlyCount "117"]
[EventDate "1996.??.??"]

1. c4 e5 2. Nc3 Nc6 3. Nf3 f5 4. d3 d6 5. g3 Nf6 6. Bg2 g6 7. O-O Bg7 8. Rb1 a5
9. a3 O-O 10. b4 axb4 11. axb4 h6 12. b5 Ne7 13. Ne1 g5 14. Nc2 Ng6 15. Nb4 Ne7
16. e3 Kh8 17. Ne2 Qe8 18. f4 Ng6 19. Bd2 gxf4 20. exf4 Rb8 21. Qc1 Kh7 22.
fxe5 dxe5 23. c5 e4 24. Nf4 Qxb5 25. Nbd5 Qe8 26. Nxg6 Qxg6 27. Nxf6+ Bxf6 28.
dxe4 fxe4 29. Rb4 Re8 30. Bxh6 Qxh6 31. Qxh6+ Kxh6 32. Rxf6+ Kg7 33. Rf1 e3 34.
Re1 b6 35. Re4 Rxe4 36. Bxe4 bxc5 37. Rxe3 Rb4 38. Bd5 Kf6 39. h4 Rd4 40. Bg8
c4 41. Kf2 Rd2+ 42. Kf3 Bb7+ 43. Kg4 Rd3 44. Rxd3 cxd3 45. Kf4 c5 46. Bc4 d2
47. Be2 c4 48. Ke3 c3 49. Bd1 Ba6 50. g4 {} 50... Bf1 51. g5+ Kg7 52. h5 Bc4
53. h6+ Kh8 54. g6 Bg8 55. Kd4 Be6 56. Ke5 Bc4 57. Kf6 Bd3 58. g7+ Kh7 59. Bb3
1-0

[Event "Schwarzach A"]
[Site "?"]
[Date "1997.08.26"]
[Round "4.16"]
[White "Blecourt, Sandra"]
[Black "Doric, Nenad"]
[Result "0-1"]
[WhiteElo "2030"]
[BlackElo "2250"]
[PlyCount "42"]
[EventDate "1996.??.??"]

1. d4 d5 2. c4 c6 3. Nc3 e6 4. Bf4 dxc4 5. e3 b5 6. a4 Qb6 7. a5 Qd8 8. Qf3 a6
9. Qg3 Nd7 10. Ne4 Bb4+ 11. Kd1 Ngf6 12. Nd6+ Kf8 13. Be2 Nd5 14. Bh5 Nxf4 15.
Qxf4 Nf6 {} 16. Nxf7 Nxh5 17. Nxd8+ Nxf4 18. exf4 c5 19. Ne2 Bd7 20. Nb7 cxd4
21. Nxd4 Rb8 0-1

[Event "Schwarzach A"]
[Site "?"]
[Date "1997.08.26"]
[Round "4.17"]
[White "Essl, Gerhard"]
[Black "Kniest, Oliver"]
[Result "0-1"]
[WhiteElo "1893"]
[BlackElo "2240"]
[PlyCount "118"]
[EventDate "1996.??.??"]

1. c4 e6 2. Nc3 d5 3. d4 c6 4. b3 Nf6 5. e3 Bb4 6. Bd2 O-O 7. Qc2 Nbd7 8. Nf3
Qe7 9. Be2 dxc4 10. Bxc4 e5 11. Ne4 exd4 12. Nxf6+ Nxf6 13. Nxd4 Bd6 14. Bd3 g6
15. Bc3 Nd5 16. O-O Nxc3 17. Qxc3 Qe5 18. g3 Bh3 19. Rfe1 Qe7 20. Qc2 Rad8 21.
Nf3 Qf6 22. Be2 Rfe8 23. Rad1 Bf5 24. Qc1 Qe7 25. Nd4 Bh3 26. Bf1 Bb4 27. Re2
Bxf1 28. Kxf1 Qd6 29. Kg1 {} 29... c5 30. Qc4 Ba3 31. Qa4 cxd4 32. Rxd4 Qe7
33. Red2 Bc5 34. Rd7 Rxd7 35. Rxd7 Qe4 36. Qxe4 Rxe4 37. Rxb7 Re6 38. Rd7 Rd6
39. Rc7 Rd1+ 40. Kg2 Rc1 41. b4 Bxe3 42. Rxc1 Bxc1 43. Kf3 Ba3 44. b5 Kf8 45.
Ke4 Ke7 46. Kd5 Kd7 47. f3 Kc7 48. h3 Kb6 49. Kc4 Bd6 50. g4 g5 51. a4 Ka5 52.
Kd5 Be7 53. Kc6 Kxa4 54. b6 axb6 55. Kxb6 Kb4 56. Kc6 Kc4 57. Kd7 Bb4 58. Ke8
Kd3 59. Kxf7 Ke2 0-1

[Event "Schwarzach A"]
[Site "?"]
[Date "1997.08.26"]
[Round "4.18"]
[White "Groetz, Harald"]
[Black "Appl, Gerhard"]
[Result "1-0"]
[WhiteElo "2248"]
[BlackElo "1935"]
[PlyCount "71"]
[EventDate "1996.??.??"]

1. e4 c5 2. Nf3 Nc6 3. d4 cxd4 4. Nxd4 Nf6 5. Nc3 e5 6. Ndb5 d6 7. Bg5 a6 8.
Na3 b5 9. Nd5 Be7 10. Bxf6 Bxf6 11. c3 Bb7 12. Nc2 Bg5 13. a4 bxa4 14. Rxa4 O-O
15. Bd3 a5 16. Qe2 Ne7 17. Nxe7+ Qxe7 18. O-O Bc6 19. Bb5 Bxb5 20. Qxb5 Rab8
21. Qxa5 Rxb2 22. Nb4 Qb7 23. Nd5 f5 24. Qc7 fxe4 25. Qxb7 Rxb7 26. Rxe4 Ra8
27. h4 Bd8 28. Rd1 Rb2 29. Ne3 Bc7 30. Rc4 Bb6 31. Rxd6 Bxe3 32. fxe3 Re2 {}
33. Rd7 Re1+ 34. Kf2 Rea1 35. Rcc7 R1a2+ 36. Kg3 1-0

[Event "Schwarzach A"]
[Site "?"]
[Date "1997.08.26"]
[Round "4.19"]
[White "Wimmer, Alfred"]
[Black "Besner, Bernhard"]
[Result "1-0"]
[WhiteElo "2070"]
[BlackElo "2220"]
[PlyCount "63"]
[EventDate "1996.??.??"]

1. Nc3 e5 2. Nf3 Nc6 3. d4 exd4 4. Nxd4 Bb4 5. Nxc6 Bxc3+ 6. bxc3 bxc6 7. Qd4
Qf6 8. e4 d6 9. Rb1 Be6 10. a4 Qxd4 11. cxd4 Nf6 12. Bd3 Kd7 13. Bg5 Ba2 14.
Ra1 Rab8 15. Bxf6 gxf6 16. Kd2 Rb2 17. Kc3 Rhb8 18. Rhe1 Be6 19. f4 a5 20. f5
Ba2 21. Re3 Bb1 {} 22. Rh3 Ra2 23. Rxa2 Bxa2 24. Rxh7 Rb4 25. Rh8 d5 26. e5 c5
27. exf6 cxd4+ 28. Kd2 Rb6 29. g4 Rxf6 30. g5 Rb6 31. g6 fxg6 32. fxg6 1-0

[Event "Schwarzach A"]
[Site "?"]
[Date "1997.08.26"]
[Round "4.20"]
[White "Mojzis, Jaroslav"]
[Black "Burger, Andreas"]
[Result "1-0"]
[WhiteElo "2215"]
[BlackElo "2075"]
[PlyCount "35"]
[EventDate "1996.??.??"]

1. Nf3 e6 2. g3 d5 3. Bg2 c5 4. O-O Bd6 5. d4 cxd4 6. Nxd4 Nc6 7. c4 Nxd4 8.
Qxd4 Qf6 9. Qd3 Ne7 10. Nc3 Be5 11. cxd5 Bxc3 12. bxc3 exd5 13. Ba3 Bf5 14.
Bxe7 Kxe7 15. Qxd5 Rhd8 16. Qxb7+ Kf8 17. Qb4+ Kg8 18. Bxa8 1-0

[Event "Schwarzach A"]
[Site "?"]
[Date "1997.08.27"]
[Round "5.1"]
[White "Zoler, Dan"]
[Black "Klovans, Janis"]
[Result "0-1"]
[WhiteElo "2465"]
[BlackElo "2465"]
[PlyCount "98"]
[EventDate "1996.??.??"]

1. d4 d5 2. c4 e6 3. Nc3 Nf6 4. Bg5 Be7 5. e3 h6 6. Bh4 O-O 7. Nf3 b6 8. Bd3
Bb7 9. O-O Nbd7 10. Qe2 Ne4 11. Bg3 c5 12. cxd5 exd5 13. Rad1 Nxg3 14. hxg3
cxd4 15. Nxd4 Bb4 16. Ncb5 a6 17. Nc2 Bc5 18. Nbd4 Re8 19. Rd2 Ne5 20. b3 Qf6
21. Qd1 Nxd3 22. Rxd3 Rac8 23. Qd2 a5 24. Rd1 Ba6 25. Rc3 Be7 26. a3 Rxc3 27.
Qxc3 Rc8 28. Qd2 Qe5 29. b4 Qc7 30. bxa5 bxa5 31. Rb1 Qc3 32. Qxc3 Rxc3 33. Rb3
Rc8 34. f3 a4 35. Rb6 Bd3 36. Nb4 Rc1+ 37. Kh2 Bc4 38. Rb8+ Kh7 39. Rb7 Bf6 40.
Ra7 Rc3 41. Rxa4 Rxe3 42. Nf5 Re5 43. g4 Re2 44. Ra7 {} 44... d4 45. f4 d3 46.
Rd7 d2 47. Ng3 Bc3 48. Na2 Bxa2 49. Nxe2 Ba5 0-1

[Event "Schwarzach A"]
[Site "?"]
[Date "1997.08.27"]
[Round "5.2"]
[White "Piven, Igor"]
[Black "Herndl, Harald"]
[Result "1/2-1/2"]
[WhiteElo "2367"]
[BlackElo "2365"]
[PlyCount "64"]
[EventDate "1996.??.??"]

1. Nf3 Nf6 2. c4 c6 3. Nc3 d5 4. d4 e6 5. g3 dxc4 6. Bg2 Nbd7 7. O-O Be7 8. Bg5
h6 9. Bxf6 Bxf6 10. e3 O-O 11. Nd2 e5 12. d5 cxd5 13. Nxd5 Nb6 14. Nxb6 Qxb6
15. Nxc4 Qb4 16. Qb3 Qe7 17. Rac1 e4 18. Qb5 Bg4 19. Nd2 a6 20. Qb6 Be2 21.
Rfe1 Bd3 22. Rc7 Qe5 23. Rxb7 Rac8 24. Qd4 Qxd4 25. exd4 {} 25... Rc2 26. Nxe4
Bxd4 27. Rd7 Bxe4 28. Rxd4 Bxg2 29. Kxg2 Rxb2 30. Ra4 Rc8 31. Rxa6 Rcc2 32. Rf1
Rxa2 1/2-1/2

[Event "Schwarzach A"]
[Site "?"]
[Date "1997.08.27"]
[Round "5.4"]
[White "Mandekic, Ivan"]
[Black "Balinov, Ilija"]
[Result "1/2-1/2"]
[WhiteElo "2270"]
[BlackElo "2560"]
[PlyCount "27"]
[EventDate "1996.??.??"]

1. d4 Nf6 2. Nf3 g6 3. c4 Bg7 4. Nc3 d5 5. cxd5 Nxd5 6. e4 Nb6 7. h3 O-O 8. Be3
Nc6 9. Rc1 f5 10. exf5 Bxf5 11. Be2 e5 12. d5 Ne7 13. g4 Bd7 14. Ng5 {}
1/2-1/2

[Event "Schwarzach A"]
[Site "?"]
[Date "1997.08.27"]
[Round "5.6"]
[White "Doric, Nenad"]
[Black "Hecht, Hans Joachim"]
[Result "1/2-1/2"]
[WhiteElo "2250"]
[BlackElo "2405"]
[PlyCount "71"]
[EventDate "1996.??.??"]

1. e4 e6 2. d4 d5 3. Nd2 Nf6 4. e5 Nfd7 5. Bd3 c5 6. c3 Nc6 7. Ne2 cxd4 8. cxd4
Nb6 9. a3 Bd7 10. O-O a5 11. b3 a4 12. b4 Na7 13. Nc3 Rc8 14. Bb2 Be7 15. f4 g6
16. Qe2 h5 17. Rac1 Kf8 18. Kh1 Kg7 19. Nf3 Nc4 20. Rfd1 Nb5 21. Nb1 Nxb2 22.
Qxb2 Qb6 23. Nc3 Nxc3 24. Rxc3 Rxc3 25. Qxc3 Rc8 26. Qd2 Bb5 27. Bxb5 Qxb5 28.
Rc1 Rxc1+ 29. Qxc1 Qd3 30. Kg1 {} 30... Bxb4 31. axb4 a3 32. f5 exf5 33. Qg5
a2 34. Qf6+ Kg8 35. Qd8+ Kg7 36. Qf6+ 1/2-1/2

[Event "Schwarzach A"]
[Site "?"]
[Date "1997.08.27"]
[Round "5.7"]
[White "Jusic, Zdenko"]
[Black "Donegani, Hans Peter"]
[Result "1-0"]
[WhiteElo "2370"]
[BlackElo "2120"]
[PlyCount "63"]
[EventDate "1996.??.??"]

1. e4 d5 2. exd5 Qxd5 3. Nc3 Qa5 4. d4 Nf6 5. Nf3 Nc6 6. Bb5 Bd7 7. O-O O-O-O
8. Qd3 a6 9. Bxc6 Bxc6 10. Ne5 Be8 11. a3 Nd7 12. Nc4 Qh5 13. b4 f6 14. Be3 Bg6
15. Qd2 Bf7 16. d5 e6 17. b5 Nb8 {} 18. Na4 Rxd5 19. Nab6+ cxb6 20. Nxb6+ Kd8
21. Nxd5 exd5 22. Bf4 Nd7 23. bxa6 Bc5 24. Qa5+ Ke7 25. Rae1+ Be6 26. axb7 g5
27. b8=Q Rxb8 28. Bxb8 Kf7 29. Qa6 Bf5 30. Bd6 Bd4 31. Re2 Kg6 32. Qc8 1-0

[Event "Schwarzach A"]
[Site "?"]
[Date "1997.08.27"]
[Round "5.8"]
[White "Kniest, Oliver"]
[Black "Neckar, Lubomir"]
[Result "1-0"]
[WhiteElo "2240"]
[BlackElo "2360"]
[PlyCount "70"]
[EventDate "1996.??.??"]

1. d4 d5 2. c4 e6 3. Nc3 Be7 4. Nf3 Nf6 5. Bg5 h6 6. Bh4 O-O 7. e3 b6 8. Be2
Bb7 9. Bxf6 Bxf6 10. cxd5 exd5 11. b4 c6 12. O-O Re8 13. Qb3 Qd6 14. Rfe1 Nd7
15. Bd3 Nf8 {} 16. e4 Be7 17. b5 dxe4 18. Nxe4 Qb4 19. Qc2 Rac8 20. Rab1 Qa5
21. Ne5 cxb5 22. Qb3 Ne6 23. Bxb5 Rf8 24. Nc4 Rxc4 25. Qxc4 Rd8 26. Bc6 Rxd4
27. Qc2 Ba6 28. Qb2 Ba3 29. Qb3 Bc4 30. Qg3 Bb4 31. Red1 Qxa2 32. Nf6+ Kh8 33.
Qb8+ Nf8 34. Re1 Bc5 35. Nd7 Rxd7 {Zeitueberschreitung!} 1-0

[Event "Schwarzach A"]
[Site "?"]
[Date "1997.08.27"]
[Round "5.9"]
[White "Hardicsay, Peter"]
[Black "Lada, Ireneusz"]
[Result "1-0"]
[WhiteElo "2355"]
[BlackElo "2100"]
[PlyCount "123"]
[EventDate "1996.??.??"]

1. e4 c6 2. c4 e5 3. Nf3 d6 4. d4 Bg4 5. Be2 Qc7 6. Nc3 Nd7 7. Be3 Ngf6 8. O-O
Be7 9. Rc1 O-O 10. h3 Bxf3 11. Bxf3 Qa5 12. Qd2 Kh8 13. Rfd1 Rab8 14. d5 c5 15.
b3 a6 16. a4 Qc7 17. Kh2 h6 18. g3 Nh7 19. Bg2 Rg8 20. Rf1 Rbf8 21. Qd3 g5 22.
Bd2 Ndf6 23. Nd1 Rg6 24. Ne3 Nh5 25. Bf3 Ng7 26. Bg4 h5 27. Bf5 Rh6 28. Bxh7
Rxh7 29. Nf5 Nxf5 30. exf5 Bf6 31. b4 Re8 32. Qe4 b6 33. Rb1 Rc8 34. Rfc1 Kg7
35. Be3 Rhh8 36. Rb3 Qd7 37. bxc5 bxc5 38. Rb6 Rb8 39. Rxa6 Ra8 40. Rb6 Rxa4
41. Rcb1 g4 42. Rb7 Qc8 43. R1b6 Bd8 44. Rb1 gxh3 45. g4 Rb4 46. R7xb4 cxb4 47.
gxh5 Kf8 48. h6 Qb8 49. c5 b3 50. c6 Qb5 51. Qg4 Bf6 52. c7 Ke7 {} 53. Bg5
Qxd5 54. Bxf6+ Kxf6 55. Qh4+ Kxf5 56. Qxh3+ Kf6 57. c8=Q Rxc8 58. Qxc8 Qf3 59.
Qd8+ Kg6 60. Rg1+ Kf5 61. Qg5+ Ke4 62. Qg4+ 1-0

[Event "Schwarzach A"]
[Site "?"]
[Date "1997.08.27"]
[Round "5.10"]
[White "Navratil, Robert"]
[Black "Hresc, Vladimir"]
[Result "0-1"]
[WhiteElo "2180"]
[BlackElo "2425"]
[PlyCount "82"]
[EventDate "1996.??.??"]

1. d4 Nf6 2. Nf3 e6 3. Bg5 c5 4. e3 Qb6 5. Nbd2 cxd4 6. exd4 Qxb2 7. Rb1 Qxa2
8. Bc4 Qa5 9. Bxf6 gxf6 10. d5 e5 11. O-O d6 12. Nh4 Be7 13. Bb5+ Kd8 14. Nc4
Qc7 15. Ne3 Nd7 16. Qh5 a6 17. Bd3 Nc5 18. Bf5 Bf8 19. Bxc8 Kxc8 20. Qf5+ Kb8
21. Rb4 Ka7 22. Rfb1 Bh6 23. Nc4 Bg5 24. Nf3 b5 25. Na3 Qc8 26. Qxc8 Rhxc8 {}
27. c4 Nd3 28. R4b3 b4 29. h4 Bc1 30. Nc2 Rxc4 31. Rxd3 Rxc2 32. Rxb4 Rb8 33.
Rxb8 Kxb8 34. Kf1 Ka7 35. Rb3 Rc5 36. Rb1 a5 37. Ne1 e4 38. Ke2 f5 39. f3 a4
40. fxe4 fxe4 41. Rb4 a3 0-1

[Event "Schwarzach A"]
[Site "?"]
[Date "1997.08.27"]
[Round "5.11"]
[White "Vigh, Bela"]
[Black "Wieser, Rupert"]
[Result "1-0"]
[WhiteElo "2395"]
[BlackElo "2140"]
[PlyCount "75"]
[EventDate "1996.??.??"]

1. d4 Nf6 2. c4 c5 3. d5 Ne4 4. Qc2 Qa5+ 5. Nd2 Nf6 6. e4 d6 7. b3 g6 8. Bb2
Nbd7 9. Bc3 Qc7 10. f4 Bh6 11. g3 O-O 12. Be2 a6 13. a4 b6 14. Nh3 e5 15. O-O
Ne8 16. Nf3 f6 17. Kh1 Nb8 18. Nfg1 a5 19. Bd2 Bg7 20. Rae1 Ra7 21. Qd1 Qd8 22.
Kg2 Na6 23. g4 Raf7 24. f5 g5 25. Nf3 h6 26. Nf2 Rc7 27. h4 Kf7 28. Rh1 Rh8 29.
Rh3 Rg8 30. Reh1 Ra7 31. hxg5 fxg5 {} 32. Rxh6 Bxh6 33. Rxh6 Kf8 34. Nh3 Rag7
35. Qc1 Qc7 36. Nfxg5 Nb4 37. f6 Rg6 38. Rh7 1-0

[Event "Schwarzach A"]
[Site "?"]
[Date "1997.08.27"]
[Round "5.12"]
[White "Peschel, Andreas"]
[Black "Brumen, Dinko"]
[Result "0-1"]
[WhiteElo "2105"]
[BlackElo "2365"]
[PlyCount "128"]
[EventDate "1996.??.??"]

1. d4 d5 2. c4 e6 3. Nc3 Nf6 4. cxd5 exd5 5. Bg5 Be7 6. e3 c6 7. Qc2 Nbd7 8.
Bd3 Nf8 9. Nge2 Ng6 10. O-O O-O 11. Ng3 Bd6 12. Rad1 h6 13. Bxf6 Qxf6 14. e4
dxe4 15. Bxe4 Bg4 16. f3 Bd7 17. d5 c5 18. Bxg6 Qxg6 19. Qxg6 fxg6 20. Nge4 Bf4
21. Rfe1 b6 22. Re2 Rae8 23. Rde1 g5 24. Nf2 c4 25. g3 Bd2 26. Rxe8 Rxe8 27.
Rxe8+ Bxe8 28. Nce4 Bc1 29. Nd1 Kf8 30. Kf2 Ba4 31. Ne3 Bxb2 32. Nxc4 Bd4+ 33.
Ke2 Bc2 34. Ne3 Bb1 35. a4 Ba2 36. d6 {} 36... Bxe3 37. Kxe3 Bb3 38. Kd4 Bxa4
39. Kd5 Bd7 40. Nd2 Ke8 41. Nc4 Ba4 42. Ne5 a5 43. Kd4 Bb3 44. f4 gxf4 45. gxf4
Be6 46. Kc3 b5 47. Kb2 b4 48. Ka1 a4 49. Nd3 Kd7 50. Nxb4 Kxd6 51. Kb2 Ke7 52.
Nc2 Kd6 53. Ne3 Kc5 54. Ka3 Bd7 55. Nf1 Kd4 56. Ng3 g6 57. h4 h5 58. f5 Bxf5
59. Kxa4 Ke3 60. Nf1+ Kf2 61. Nd2 Kg3 62. Kb4 Kxh4 63. Kc3 Kg3 64. Kd4 h4 0-1

[Event "Schwarzach A"]
[Site "?"]
[Date "1997.08.27"]
[Round "5.13"]
[White "Ljubic, Juro"]
[Black "Staller, Peter"]
[Result "0-1"]
[WhiteElo "2175"]
[BlackElo "2345"]
[PlyCount "114"]
[EventDate "1996.??.??"]

1. e4 e6 2. d4 d5 3. e5 c5 4. c3 Qb6 5. Nf3 Bd7 6. Be2 Bb5 7. O-O Bxe2 8. Qxe2
Qa6 9. Re1 Qxe2 10. Rxe2 Nd7 11. dxc5 Nxc5 12. Be3 a6 13. a4 Rc8 14. b4 Nd7 15.
b5 a5 16. Rc2 Ne7 17. Nbd2 Nf5 18. Bf4 Nc5 19. g4 Nd3 20. Bg5 Ne7 21. Nb3 b6
22. Be3 d4 23. Bxd4 Nd5 24. Rd1 Nc5 25. Bxc5 Bxc5 26. Nfd4 Ne7 27. c4 O-O 28.
Nxc5 Rxc5 29. Nb3 Rxe5 30. Rd7 Ng6 31. c5 bxc5 32. Nxa5 Re1+ 33. Kg2 Ra1 34. b6
Rxa4 35. Rxc5 Ra3 36. f3 e5 37. b7 Nh4+ 38. Kf2 Ra2+ 39. Ke1 Nxf3+ 40. Kd1 Rb2
41. Rc8 Rxb7 {} 42. Rdd8 Rd7+ 43. Rxd7 Rxc8 44. Ke2 Nd4+ 45. Kd3 Ne6 46. Nb7
Rc7 47. Rxc7 Nxc7 48. Ke4 f6 49. h4 Kf7 50. h5 Ke7 51. g5 Ne8 52. h6 g6 53. Nc5
Nd6+ 54. Kd5 fxg5 55. Kxe5 Nf7+ 56. Kd4 Nxh6 57. Ne4 Nf7 0-1

[Event "Schwarzach A"]
[Site "?"]
[Date "1997.08.27"]
[Round "5.14"]
[White "Hicker, Harald"]
[Black "Groetz, Harald"]
[Result "1/2-1/2"]
[WhiteElo "2105"]
[BlackElo "2248"]
[PlyCount "61"]
[EventDate "1996.??.??"]

1. Nf3 Nf6 2. d4 g6 3. c4 c5 4. d5 b5 5. cxb5 a6 6. bxa6 Bxa6 7. Nc3 d6 8. e4
Bxf1 9. Kxf1 Bg7 10. g3 O-O 11. Kg2 Nbd7 12. Re1 Qa5 13. e5 Ng4 14. exd6 exd6
15. Bf4 Rfb8 16. Re2 Nde5 17. Nxe5 Nxe5 18. Ne4 Qa6 19. Bxe5 Bxe5 20. Nxc5 dxc5
21. Rxe5 Rxb2 22. d6 {} 22... Rd8 23. Qd5 Rxd6 24. Re8+ Kg7 25. Qe5+ Rf6 26.
Qxb2 Qc6+ 27. Kg1 Qxe8 28. Rc1 Qa4 29. Rxc5 Qd1+ 30. Kg2 Qf3+ 31. Kg1 1/2-1/2